[Event "Challenge"]
[Site "http://www.queenalice.com/game.php?id=1818960"]
[Date "2023.8.17"]
[Round "-"]
[White "edemarc"]
[Black "Vin100"]
[Result "0-1"]
[WhiteElo "1568"]
[BlackElo "1829"]

1. e4 e5 2. f3 b6 3. d3 Bb7 4. f4 d6 5. f5 Nf6 6. Bg5 Be7 7. Bxf6 Bxf6 8. Nc3
O-O 9. g3 Nd7 10. b4 a6 11. a3 b5 12. Nf3 c6 13. Ne2 Nb6 14. c4 Qd7 15. Rc1 d5
16. exd5 cxd5 17. c5 Nc8 18. Rg1 Ne7 19. g4 d4 20. Bg2 Bd5 21. Nd2 a5 22. Bxd5
Nxd5 23. c6 Qd6 24. Ne4 Qe7 25. Qd2 Bh4+ 26. Kd1 Ne3+ 27. Qxe3 dxe3 28. Rc5 axb4
29. axb4 Rfc8 30. Kc2 Rab8 31. N2c3 Bf2 32. Rg2 Be1 33. Re2 Qh4 34. Rxe3 Qxh2+
35. Re2 Qh4 36. c7 Rb7 37. Nd5 Kf8 38. Nd6 Bf2 39. Rxb5 Rxb5 40. Nxb5 Bd4 41.
Na7 Bxa7 42. b5 Qxg4 43. Rd2 Qa4+ 44. Kc1 Qxb5 45. Nc3 Qd7 46. Kc2 Rxc7 47. Re2
Qxf5 48. Re4 Bd4 0-1

[Event "Challenge"]
[Site "http://www.queenalice.com/game.php?id=1820752"]
[Date "2023.9.14"]
[Round "-"]
[White "edemarc"]
[Black "Carlos19"]
[Result "1-0"]
[WhiteElo "1560"]
[BlackElo "1642"]

1. e4 e5 2. Qh5 Qe7 3. d3 g6 4. Qf3 Nc6 5. c3 Nf6 6. Bg5 h6 7. Bxf6 Qd6 8. Bxh8
g5 9. g3 Ne7 10. Bf6 Qb6 11. b4 c6 12. Bxe5 c5 13. a3 cxb4 14. cxb4 d6 15. Bf6
Bd7 16. Nc3 g4 17. Qe2 a5 18. Nd5 Nxd5 19. exd5+ Be6 20. dxe6 Qd4 21. Bxd4 Be7
22. h3 gxh3 23. Rxh3 axb4 24. a4 1-0

[Event "Challenge"]
[Site "http://www.queenalice.com/game.php?id=1820753"]
[Date "2023.9.14"]
[Round "-"]
[White "edemarc"]
[Black "matamuff"]
[Result "0-1"]
[WhiteElo "1578"]
[BlackElo "1718"]

1. e4 Nf6 2. d3 d5 3. e5 Nfd7 4. d4 Nb6 5. Be2 Bf5 6. Bf4 e6 7. b3 Be4 8. Bf3
Bf5 9. g3 Be4 10. h4 Bxf3 11. Nxf3 h6 12. g4 g6 13. g5 h5 14. O-O Be7 15. Nc3
Nc6 16. a3 O-O 17. Nh2 Nb8 18. a4 a6 19. Ne2 Nc6 20. Nc3 Nb4 21. f3 c5 22. Be3
Qc7 23. a5 Nd7 24. Bf4 cxd4 25. Nb1 Nc6 26. Bd2 b5 27. f4 d3 28. c3 Bc5+ 29. Kg2
Ba7 30. b4 Ne7 31. Rf3 Nf5 32. Qe1 Nb8 33. Rh3 Nc6 34. Rxd3 Rad8 35. Na3 Qb7 36.
Rd1 Qb8 37. Bc1 Kg7 38. Nc2 Qb7 39. Qf1 Nxh4+ 40. Kh1 d4 41. Bd2 Nf5 42. Re1
Ng3+ 43. Rxg3 Nxb4+ 44. Qf3 Qxf3+ 45. Rxf3 Nxc2 46. Re2 Ne3 47. Bxe3 dxe3 48.
Kg2 Rd2 49. Kf1 Rfd8 50. Rexe3 Bxe3 51. Rxe3 Rxh2 52. Kg1 Rc2 0-1

[Event "Challenge"]
[Site "http://www.queenalice.com/game.php?id=1821640"]
[Date "2023.9.25"]
[Round "-"]
[White "edemarc"]
[Black "Givanildo"]
[Result "1-0"]
[WhiteElo "1561"]
[BlackElo "1589"]

1. e4 d5 2. f3 dxe4 3. fxe4 h5 4. Nf3 Bg4 5. Be2 e6 6. h3 Bxf3 7. Bxf3 e5 8. c3
Nh6 9. h4 Bc5 10. b4 Be7 11. Bxh5 g6 12. Bf3 Bxh4+ 13. Kf1 Nd7 14. d4 Qe7 15. d5
O-O-O 16. Be3 f5 17. Na3 f4 18. Bxa7 b6 19. Nb5 Nb8 20. a4 Na6 21. a5 Nf7 22.
Ra2 Nd6 23. Qd3 Nxb5 24. Qxb5 Nb8 25. axb6 cxb6 26. Bxb8 Kxb8 27. Ke2 Qd6 28.
Ra6 Kb7 29. c4 Qc7 30. c5 Rb8 31. d6 Qc6 32. Rxb6+ Qxb6 33. cxb6 g5 34. Rc1 Rhd8
35. Rc7+ Ka8 36. Qa6# 1-0

[Event "Challenge"]
[Site "http://www.queenalice.com/game.php?id=1821641"]
[Date "2023.9.25"]
[Round "-"]
[White "edemarc"]
[Black "Tonto"]
[Result "0-1"]
[WhiteElo "1564"]
[BlackElo "1898"]

1. e4 e5 2. d3 Be7 3. Nf3 Nc6 4. c3 Nf6 5. b4 b6 6. b5 Na5 7. Nxe5 d6 8. Nf3 Bb7
9. Nbd2 c6 10. Qa4 O-O 11. c4 c5 12. Bb2 a6 13. Be2 axb5 14. cxb5 Nc6 15. Qc4
Na5 16. Qc2 Re8 17. e5 Ng4 18. d4 Rc8 19. Bc3 cxd4 20. Nxd4 Nxe5 21. g3 Bxh1 22.
Bf3 Bxf3 23. N4xf3 Bf6 24. Kf1 Nxf3 25. Nxf3 Rxc3 26. Qd2 Rxf3 27. Kg2 Bxa1 28.
Kxf3 Qa8+ 29. Kg4 Nc4 30. Kh3 Nxd2 0-1

[Event "Challenge"]
[Site "http://www.queenalice.com/game.php?id=1825421"]
[Date "2023.11.18"]
[Round "-"]
[White "edemarc"]
[Black "kuntakinte"]
[Result "0-1"]
[WhiteElo "1556"]
[BlackElo "1781"]

1. e4 e5 2. Nf3 d6 3. d4 Bg4 4. Be2 Bxf3 5. gxf3 c6 6. d5 c5 7. c4 a6 8. Nc3 Be7
9. Be3 b6 10. a4 Nf6 11. h3 O-O 12. Rg1 Kh8 13. Qd2 Qd7 14. Bf1 Rg8 15. h4 Qe8
16. Bh3 g6 17. Rg3 Nh5 18. Rg4 Nd7 19. f4 exf4 20. Bxf4 Nhf6 21. O-O-O Nxg4 0-1

[Event "Challenge"]
[Site "http://www.queenalice.com/game.php?id=1825422"]
[Date "2023.11.18"]
[Round "-"]
[White "edemarc"]
[Black "mestre62"]
[Result "0-1"]
[WhiteElo "1531"]
[BlackElo "1336"]

1. e4 e5 2. Nc3 Bb4 3. Nf3 Bxc3 4. bxc3 d6 5. h3 Nf6 6. d3 Bd7 7. Bg5 Nc6 8. d4
exd4 9. cxd4 h6 10. Bxf6 Qxf6 11. Qb1 O-O 12. Qxb7 Nxd4 13. Nxd4 Qxd4 14. Rd1
Qc3+ 15. Rd2 Be6 16. Bd3 Qa1+ 17. Rd1 Qxa2 18. Ke2 Bc4 19. Ra1 Bxd3+ 20. Kxd3
Qe6 21. Rhe1 Qd7 22. Qd5 c6 23. Qa5 c5 24. Ke2 Qe7 25. Ra4 Qg5 26. Kf1 Qe5 27.
g3 Qb2 28. Re2 Qc1+ 29. Kg2 Qg5 30. h4 Qg4 31. e5 Qxe2 32. exd6 Qxc2 33. Ra2
Qe4+ 34. f3 Qd5 35. Rd2 Qf5 36. g4 Qe5 37. Kh3 g5 38. Rg2 Qxd6 39. h5 c4 40. Rd2
Qe6 41. Qc5 Rfc8 42. Qd4 Rd8 43. Qc3 Qe1 44. Rg2 Qh4# 0-1

[Event "Challenge"]
[Site "http://www.queenalice.com/game.php?id=1826243"]
[Date "2023.11.29"]
[Round "-"]
[White "edemarc"]
[Black "naugard47"]
[Result "0-1"]
[WhiteElo "1549"]
[BlackElo "1655"]

1. e4 e5 2. f3 Nc6 3. c3 a6 4. g3 d5 5. d3 d4 6. c4 Bb4+ 7. Bd2 a5 8. a3 Bc5 9.
f4 exf4 10. Bxf4 g5 11. Bd2 h6 12. Bg2 f5 13. Qh5+ Kf8 14. Nf3 Qe8 15. Qxe8+
Kxe8 16. O-O Bd7 17. e5 Be6 18. h4 g4 0-1